|
|
|
|
| LEADER |
01578nam a2200445 a 4500 |
| 001 |
000244425 |
| 003 |
CZ BrMZK |
| 005 |
20210429133934.0 |
| 007 |
ta |
| 008 |
010907s1997 xr e 0dcze d |
| 015 |
|
|
|a cnb000282025
|
| 020 |
|
|
|a 80-86094-07-3
|
| 035 |
|
|
|a (OCoLC)39315864
|
| 040 |
|
|
|a BOA001
|b cze
|
| 043 |
|
|
|a e-xr---
|
| 045 |
|
|
|a x9x9
|
| 072 |
|
7 |
|a 782
|x Divadelní hudba. Opera, opereta, muzikál
|2 Konspekt
|9 9
|
| 080 |
|
|
|a 782.8
|2 MRF
|
| 080 |
|
|
|a (437.3)
|2 MRF
|
| 080 |
|
|
|a (082)
|2 MRF
|
| 080 |
|
|
|a (047.53)
|2 MRF
|
| 245 |
0 |
0 |
|a Dracula :
|b muzikálový bestseller /
|c [rozhovory Jana Dlouhá,... [et al.] ; hudba Karel Svoboda ; libreto Zdeněk Borovec, Richard Hes ; povídka Jan Bauer]
|
| 250 |
|
|
|a 1. vyd.
|
| 260 |
|
|
|a Praha :
|b Goldstein & Goldstein,
|c 1997
|
| 300 |
|
|
|a 266 s. :
|b bar. obr., noty ;
|c 27 cm
|
| 630 |
0 |
7 |
|a Dracula (muzikál)
|7 unn2006374882
|2 czenas
|
| 648 |
|
4 |
|a 1995
|
| 648 |
|
7 |
|a 20. století
|7 ch460558
|
| 650 |
0 |
7 |
|a muzikály
|z Česko
|y 20. století
|7 ph123058
|2 czenas
|
| 655 |
|
7 |
|a sborníky
|7 fd163935
|2 czenas
|
| 655 |
|
7 |
|a rozhovory
|7 fd133303
|2 czenas
|
| 700 |
1 |
|
|a Bauer, Jan,
|d 1945-2025
|7 jk01011157
|4 aut
|
| 700 |
1 |
|
|a Borovec, Zdeněk,
|d 1932-2001
|7 jk01012677
|4 lbt
|
| 700 |
1 |
|
|a Dlouhá, Jana,
|c publicistka
|4 aut
|
| 700 |
1 |
|
|a Hes, Richard,
|d 1963-2014
|7 jn19990009599
|4 lbt
|
| 700 |
1 |
|
|a Svoboda, Karel,
|d 1938-2007
|7 jn19990218100
|4 cmp
|
| 910 |
|
|
|a BOA001
|b 3-1038.311
|
| 990 |
|
|
|a BK
|
| 991 |
|
|
|b 200706
|
| 996 |
6 |
|
|b 2610023826
|c 3-1038.311
|l MZK
|r Sklad / do 1 hodiny
|n 11
|p p.v.
|w 000244425
|u 000010
|a 1
|e BOA001
|j MZK50
|s P
|